C++ programming 101 / (Record no. 563)

MARC details
000 -LEADER
fixed length control field 00468nam a2200205 4500
001 - CONTROL NUMBER
control field 774
005 - DATE AND TIME OF LATEST TRANSACTION
control field 20181127162049.0
010 00 - LIBRARY OF CONGRESS CONTROL NUMBER
LC control number
020 00 - INTERNATIONAL STANDARD BOOK NUMBER
International Standard Book Number 0672302004
090 00 - LOCALLY ASSIGNED LC-TYPE CALL NUMBER (OCLC); LOCAL CALL NUMBER (RLIN)
Classification number (OCLC) (R) ; Classification number, CALL (RLIN) (NR) 005.133 P4621c 1992
100 00 - MAIN ENTRY--PERSONAL NAME
Personal name Perry, Greg.
245 00 - TITLE STATEMENT
Title C++ programming 101 /
Remainder of title
Statement of responsibility, etc. Greg Perry.
Medium
250 00 - EDITION STATEMENT
Edition statement
260 00 - PUBLICATION, DISTRIBUTION, ETC.
Place of publication, distribution, etc. Carmel, IN :
Name of publisher, distributor, etc. Sams Publishing,
Date of publication, distribution, etc. 1992.
300 00 - PHYSICAL DESCRIPTION
Extent xxxi, 631 p.
500 00 - GENERAL NOTE
General note
650 00 - SUBJECT ADDED ENTRY--TOPICAL TERM
Topical term or geographic name entry element
General subdivision
Topical term or geographic name entry element
General subdivision
Topical term or geographic name entry element C++ (Computer program language).
Holdings
Withdrawn status Lost status Source of classification or shelving scheme Damaged status Not for loan Collection code Home library Current library Shelving location Serial Enumeration / chronology Inventory number Total Checkouts Full call number Barcode Date last seen Price effective from Koha item type
    Dewey Decimal Classification     Main TEST RTC Library RTC Library Main opac 2942   005.13 PER 30004523 27/11/2018 27/11/2018 Main
Royal Thimphu College || All Right Reserved